| 000 | 00605nam a22002057a 4500 | ||
|---|---|---|---|
| 003 | JO-AjAnu | ||
| 005 | 20240610105600.0 | ||
| 008 | 240610b jo ||||| |||| 00| 0 ara d | ||
| 020 | _a9957182412 | ||
| 040 |
_aJO-AjAnu _beng _cJO-AjAnu |
||
| 041 | _aeng | ||
| 100 | 1 |
_aTakruri, Hamed R _965447 _eAUTHOR |
|
| 245 |
_aCLINICAL NUTRITION: Selected Case Studies / _cHamed R Takruri, Reema F, tAYYEM |
||
| 250 | _a3EDITION | ||
| 260 |
_aAMMAN : _bDAR ALMANAHIG, _c2023 |
||
| 300 | _a206P | ||
| 650 | 7 | 0 |
_aNarrative nutrition _965448 |
| 700 | 1 |
_aTayyem, Reema F _965450 _ejoint author |
|
| 942 |
_2lcc _cBK _n0 |
||
| 999 |
_c33529 _d33529 |
||